<?xml version="1.0" encoding="UTF-8"?><?xml-stylesheet type="text/xsl" href="static/style.xsl"?><OAI-PMH xmlns="http://www.openarchives.org/OAI/2.0/" xmlns:xsi="http://www.w3.org/2001/XMLSchema-instance" xsi:schemaLocation="http://www.openarchives.org/OAI/2.0/ http://www.openarchives.org/OAI/2.0/OAI-PMH.xsd"><responseDate>2026-06-01T06:20:09Z</responseDate><request verb="GetRecord" identifier="oai:riuma.uma.es:10630/19192" metadataPrefix="marc">https://riuma.uma.es/rest/oai/request</request><GetRecord><record><header><identifier>oai:riuma.uma.es:10630/19192</identifier><datestamp>2026-02-03T10:19:01Z</datestamp><setSpec>com_10630_1685</setSpec><setSpec>col_10630_38055</setSpec></header><metadata><record xmlns="http://www.loc.gov/MARC21/slim" xmlns:dcterms="http://purl.org/dc/terms/" xmlns:doc="http://www.lyncode.com/xoai" xmlns:xsi="http://www.w3.org/2001/XMLSchema-instance" xsi:schemaLocation="http://www.loc.gov/MARC21/slim http://www.loc.gov/standards/marcxml/schema/MARC21slim.xsd">
   <leader>00925njm 22002777a 4500</leader>
   <datafield ind2=" " ind1=" " tag="042">
      <subfield code="a">dc</subfield>
   </datafield>
   <datafield ind2=" " ind1=" " tag="720">
      <subfield code="a">Sayago Gutiérrez, Tomás</subfield>
      <subfield code="e">author</subfield>
   </datafield>
   <datafield ind2=" " ind1=" " tag="260">
      <subfield code="c">2020-01-17</subfield>
   </datafield>
   <datafield ind2=" " ind1=" " tag="520">
      <subfield code="a">Este Trabajo de Fin de Grado está basado en el desarrollo de una aplicación web, más concretamente en la creación de un sitio web para el museo de la E.T.S.I. Informática de la Universidad de Málaga. &#xd;
En este proyecto realizado entre tres alumnos, se efectúa un desarrollo de extremo a extremo. Esto quiere decir que tanto la base de datos, el servidor como la aplicación cliente está implementada por nosotros. De esta manera, se personaliza con totalidad esta intención, adaptandola perfectamente a nuestra idea principal.&#xd;
Se ha utilizado Angular para la creación del cliente, SpringBoot para el servidor y MongoDB para la base de datos. Las tecnologías han sido estudiadas previo el proceso de implementación, con el objetivo de hacer una aplicación moderna y perdurable.</subfield>
   </datafield>
   <datafield ind1="8" ind2=" " tag="024">
      <subfield code="a">https://hdl.handle.net/10630/19192</subfield>
   </datafield>
   <datafield tag="653" ind2=" " ind1=" ">
      <subfield code="a">Museo de Informática (Universidad de Málaga)</subfield>
   </datafield>
   <datafield tag="653" ind2=" " ind1=" ">
      <subfield code="a">Aplicaciones (Software)</subfield>
   </datafield>
   <datafield tag="653" ind2=" " ind1=" ">
      <subfield code="a">Informática - Trabajos Fin de Grado</subfield>
   </datafield>
   <datafield tag="653" ind2=" " ind1=" ">
      <subfield code="a">Grado en Ingeniería del Software - Trabajos Fin de Grado</subfield>
   </datafield>
   <datafield ind2="0" ind1="0" tag="245">
      <subfield code="a">Desarrollo de la aplicación web - Museo E.T.S.I. Informática . Parte I</subfield>
   </datafield>
</record>
</metadata></record></GetRecord></OAI-PMH>